عرض عادي عرض مارك
  • Finlayson, Alexander.

مدخل إسم شخص

عدد التسجيلات المستخدمة في: 1

001 - رقم الضبط

  • حقل الضبط: 36086

003 - معرف رقم الضبط

  • حقل الضبط: OSt

005 - تاريخ ووقت أخر عملية

  • حقل الضبط: 20130620143249.0

008 - عناصر بيانات ثابتة الطول

  • حقل تحكم ثابت الطول: 130620|||a|||||| | ||| d

040 ## - مصدر الفهرسة

  • هيئة الفهرسة الأصلية: OSt
  • وكالة الكتابة: OSt

100 ## - مدخل -- أسم شخص

  • إسم شخص: Finlayson, Alexander.
  • عنوان العمل: Endocrine and reproductive system.

670 ## - بيانات المصدر موجوده

  • الاستشهاد بالمصدر: Work cat.: (OSt)0: Murphy, Richard, 1989- 36084, Endocrinology /, 2012.